00476nam a2200145 a 450000100100000000500170001000800410002704000250006804100130009308200130010611000270011924500920014626000620023830000300030000003282320200930065844.0110726s1944 dr c 000 0 spa d aDO-SdBNPbspacBNHPU17aspaheng axxxbI351 aRepública Dominicana10aInauguración del aeropuerto general Andrews = Inaguration of general Andrews airport. aCiudad Trujillo, República Dominicana :b[s.n.],c1944. a45 p. :bretrs. ;c22 cm.